| 000 | 00766 a2200217 4500 | ||
|---|---|---|---|
| 010 | _aENG-85887 | ||
| 020 |
_a8131300889 _c1295.00 |
||
| 035 | _aEN-69420 | ||
| 037 | _bD.B.Act / Pub | ||
| 082 | 1 | 4 | _a333.7 |
| 090 |
_c3619 _d3619 |
||
| 100 | 1 | 4 | _aQazi, S. A. |
| 245 | 1 |
_aNatural resource conservation _cby S. A. Qazi and Navaid Shabir Qazi |
|
| 260 |
_aNew Delhi _bAPH Publishing Corporatioon _c2007 |
||
| 270 |
_a5, Ansari Road, Darya Ganj _bNew Delhi _e110 002 _k011- 23274050 _maphbooks@vsnl.net |
||
| 300 |
_ax, 452 p. _b22 cm ( Hb.) |
||
| 500 | _aincludes bibliographical refrences and index | ||
| 700 | 1 | _aQazi, Navaqid Shabir | |
| 942 |
_adpl _cEN _k333.7 / QAZ |
||
| 999 |
_c3548 _d3548 |
||